Harmonic Maps, Loop Groups, and Integrable Systems
Αποθηκεύτηκε σε:
| Κύριος συγγραφέας: | |
|---|---|
| Μορφή: | Βιβλίο |
| Γλώσσα: | English |
| Δημοσίευση: |
Cambridge ; New York :
Cambridge University Press,
1997
|
| Σειρά: | London Mathematical Society student texts ;
; 38 |
| Θέματα: | |
| Ετικέτες: |
Προσθήκη ετικέτας
Δεν υπάρχουν, Καταχωρήστε ετικέτα πρώτοι!
|
MARC
| LEADER | 00000nam a2200000 i 4500 | ||
|---|---|---|---|
| 001 | 1/37462 | ||
| 008 | 970422s1997 eng d | ||
| 020 | |a 0-521-58085-4 | ||
| 035 | |1 ΕΛΗ |a 1997 |b 1604 |c ΔΗΜΑΚΗΣ |l 10040516 | ||
| 040 | |a GR-MY-UA |b gre |e aacr | ||
| 041 | 0 | |a eng | |
| 082 | 0 | |a 514.74 | |
| 100 | 1 | |a Guest, Martin A. | |
| 245 | 1 | 0 | |a Harmonic Maps, Loop Groups, and Integrable Systems / |c Martin A. Guest |
| 260 | |a Cambridge ; New York : |b Cambridge University Press, |c 1997 | ||
| 300 | |a xiii, 194 p.; |c 24 cm. | ||
| 490 | 1 | |a London Mathematical Society student texts |v ; 38 | |
| 500 | |a Includes bibliographical references (p. [187]-192) and index | ||
| 650 | 0 | 0 | |a Harmonic maps. |
| 650 | 0 | 0 | |a Loops (Group theory) |
| 650 | 0 | 0 | |a Differential equations. |
| 830 | 0 | |a London Mathematical Society student texts ; |v ; 38 | |
| 852 | |a INST |b CHIOS |e 20050329 |h 514.74 GUE |p 005200022248 |q 005200022248 |t BK |y 0 | ||
| 852 | |a INST |b SAMOS |e 19970422 |h 514.74 GUE |p 005300008868 |q 005300008868 |t BK |y 0 | ||
| 901 | |a BIBL-1997-2 | ||
| 901 | |a BIBL2-2005-1 | ||
| 909 | |a Σ |b 050842 | ||
| 909 | |a Χ |b 112652 | ||
| 920 | |a ΔΙΕΥΡΥΝΣΗ |b ΕΠΕΑΕΚ-ΤΜΟΔ |y ΧΙΟΣ |z 2004-12 | ||